000 00613nam a2200193Ia 4500
003 IN-BaIIA
008 211028s9999 xx 000 0 eng d
020 _a978-3-527-40660-9
040 _cIIA Library
080 _a523.07
_bCOM
245 0 _aComplete course in astrobiology
_cedited by Gerda Horneck and Petra Rettberg
260 _aWeinheim
_bWiley-VCH Verlag Gmbh
_c2007
300 _axx, 413p.
490 _aPhysics textbook
650 _aAstrobiology
_925948
700 _aHorneck, Gerda, ed.
_925950
700 _aRettberg, Petra, ed.
_931080
942 _cBK
999 _c16674
_d16674